Imidž maloobchodnej jednotky dizertačná práca

Gespeichert in:
Bibliographische Detailangaben
1. Verfasser: Lieskovská, Vanda, 1961-
Körperschaft: Obchodná fakulta EU. Katedra marketingu
Weitere Verfasser: Korčmároš, Ján
Format: Buch
Sprache:Slowakisch
Veröffentlicht: Bratislava 1998
Schlagworte:
Tags: Tag hinzufügen
Keine Tags, Fügen Sie das erste Tag hinzu!

MARC

LEADER 00000nam a2200000 4500
001 c117418
005 20240104091746.4
041 0 |a slo 
044 |a SK 
245 1 0 |a Imidž maloobchodnej jednotky  |b dizertačná práca  |c Vanda Lieskovská ; školiteľ: Ján Korčmároš 
264 1 |a Bratislava  |c 1998 
300 |a 129 s. 
610 2 0 |a imidž 
610 2 0 |a maloobchod 
610 2 0 |a jednotka podnikateľská 
610 2 0 |a ciele podnikové 
610 2 0 |a výskum dopytu 
610 2 0 |a analýzy 
610 2 0 |a predaj 
610 2 0 |a sortiment tovaru 
610 2 0 |a nákup 
610 2 0 |a služby obchodné 
610 2 0 |a podnikanie malé 
610 2 0 |a podnikanie obchodné 
610 2 0 |a podnikatelia 
100 1 |a Lieskovská, Vanda, 1961- 
700 1 |a Korčmároš, Ján 
710 2 |a Obchodná fakulta EU. Katedra marketingu